| 000 | 00728nam a2200217Ia 4500 | ||
|---|---|---|---|
| 003 | GCL | ||
| 008 | 140319s9999 xx 000 0 ara d | ||
| 040 |
_aGCL / _cGCL |
||
| 082 | 0 | 4 |
_a810.95 _bش ع |
| 100 | 1 | _aشوقى ضيف | |
| 245 | 1 | 0 |
_aالعصر العباسى الثانى / _cشوقى ضيف |
| 250 | _aالعاشرة | ||
| 260 |
_aالقاهرة : _bدار المعارف ، _c1996 |
||
| 300 |
_a157 ص ؛ _c25 سم |
||
| 490 |
_aتاريخ الادب العربى _v4 |
||
| 650 | 0 | 4 | _aالادب العربى |
| 650 | 0 | 4 | _aالدولة العباسية الثانية |
| 650 | 0 | 4 | _aتاريخ ونقد |
| 650 | 0 | 4 | _aالادب العربى - تاريخ ونقد - العصر العباسى |
| 942 |
_2ddc _cBK |
||
| 999 |
_c35356 _d35356 |
||